| 000 | 00807cam a2200217 4500 | ||
|---|---|---|---|
| 001 | WB3547-02 | ||
| 008 | 000000n1999 000 0 eng u | ||
| 035 | _a(Sirsi) u103025 | ||
| 245 | _aCowboy builders | ||
| 260 | _c1999 | ||
| 490 |
_aEvening Standard _v1 December 1999, 8(1) |
||
| 520 | _aFigures released by Norwich Union suggest that as many as one in five properties may have been affected by unsatisfactory work carried out by cowboy builders. Norwich Union has produced a guide for homeowners on how to spot cowboy builders, and offers a service for both parties to fill in. | ||
| 590 | _aWB | ||
| 650 | _aCOWBOY BUILDERS | ||
| 650 | _aCONSTRUCTION INDUSTRY | ||
| 650 | _aCONSTRUCTION WORK | ||
| 650 | _aNORWICH UNION | ||
| 650 | _aSURVEYS | ||
| 690 | _aBUILT ENVIRONMENT | ||
| 942 | _n0 | ||
| 999 |
_c61910 _d61910 |
||